Vijayanagara Saamraajya Mattu Samsthaanagala Samskrutika Charitre ವಿಜಯನಗರ ಸಾಮ್ರಾಜ್ಯ ಮತ್ತು ಸಂಸ್ಥಾನಗಳ ಸಾಂಸ್ಕೃತಿಕ ಚರಿತ್ರೆ (Record no. 222024)
[ view plain ]
| 000 -LEADER | |
|---|---|
| fixed length control field | 05176nam a22002297a 4500 |
| 005 - DATE AND TIME OF LATEST TRANSACTION | |
| control field | 20250807105548.0 |
| 008 - FIXED-LENGTH DATA ELEMENTS--GENERAL INFORMATION | |
| fixed length control field | 220325b ||||| |||| 00| 0 eng d |
| 020 ## - INTERNATIONAL STANDARD BOOK NUMBER | |
| International Standard Book Number | 9789387135710 |
| 040 ## - CATALOGING SOURCE | |
| Transcribing agency | AL |
| 041 ## - LANGUAGE CODE | |
| Language code of text/sound track or separate title | Kannada |
| 082 ## - DEWEY DECIMAL CLASSIFICATION NUMBER | |
| Edition number | 23 |
| Classification number | 954.87K |
| Item number | SOSV |
| 100 ## - MAIN ENTRY--PERSONAL NAME | |
| Personal name | N Chinnaswamy Sosale |
| 100 ## - MAIN ENTRY--PERSONAL NAME | |
| 9 (RLIN) | 234450 |
| 100 ## - MAIN ENTRY--PERSONAL NAME | |
| 9 (RLIN) | 25806 |
| Dates associated with a name | ಎನ್ ಚಿನ್ನಸ್ವಾಮಿ ಸೋಸಲೆ |
| 245 ## - TITLE STATEMENT | |
| Title | Vijayanagara Saamraajya Mattu Samsthaanagala Samskrutika Charitre ವಿಜಯನಗರ ಸಾಮ್ರಾಜ್ಯ ಮತ್ತು ಸಂಸ್ಥಾನಗಳ ಸಾಂಸ್ಕೃತಿಕ ಚರಿತ್ರೆ |
| 260 ## - PUBLICATION, DISTRIBUTION, ETC. | |
| Place of publication, distribution, etc. | Hampi |
| Name of publisher, distributor, etc. | Kannada Viswavidyalaa |
| Date of publication, distribution, etc. | 2021 |
| 300 ## - PHYSICAL DESCRIPTION | |
| Extent | 477 p. |
| Other physical details | PB |
| Dimensions | 21x14 cm. |
| 365 ## - TRADE PRICE | |
| Price type code | BLCR-000132 |
| Price amount | ₹320.00 |
| Currency code | ₹ |
| Unit of pricing | ₹400 |
| Price note | 20% |
| Price effective from | 11-03-2022 |
| 520 ## - SUMMARY, ETC. | |
| Summary, etc. | ಭಾರತದ ಚರಿತ್ರೆಯಲ್ಲಿ ನಮ್ಮ ಕರುನಾಡಿಗೆ ವಿಶಿಷ್ಟ ಸ್ಥಾನವಿದೆ. ಇದಕ್ಕೆ ಕಾರಣ ಈ ನಾಡನಾಳ್ವಿಕೆ ಮಾಡಿ ಸಾಂಸ್ಕೃತಿಕವಾಗಿ ಶ್ರೀಮಂತಗೊಳಿಸಿದ ವಿವಿಧ ಕಾಲಘಟ್ಟದಲ್ಲಿನ ಸಾಮ್ರಾಜ್ಯ ಮತ್ತು ಸಂಸ್ಥಾನಗಳ ರಾಜ-ಮಹಾರಾಜರು ಕಾರಣರಾಗಿದ್ದಾರೆ. ಬಹುಮುಖ್ಯವಾಗಿ ಆಯಾಕಾಲದಲ್ಲಿ ಜೀವಿಸಿದ್ದ ಪಂಡಿತರು, ಸಾಹಿತಿಗಳು, ಶಿಲ್ಪ ಹಾಗೂ ಚಿತ್ರ ಕಲಾವಿದರು, ಕೃಷಿಕರು, ವಿಭಿನ್ನ ಶ್ರಮ ವೃತ್ತಿಯ ಜನಸಮುದಾಯದವರ ಕೊಡುಗೆ ಅಪಾರವಾಗಿದೆ. ಇಂದಿನ ಸಂದರ್ಭದಲ್ಲಿ ಚರಿತ್ರೆ ಅಧ್ಯಯನ ಮತ್ತು ರಚನೆ ಬಹುಸೂಕ್ಷ್ಮವಾದದ್ದು. ಆ ಸೂಕ್ಷ್ಮತೆ ಕೈತಪ್ಪಿದರೆ ಅದರ ಸಿದ್ಧಾಂತ ಸೂತ್ರ ಹರಿದ ಪಟದಂತಾಗುತ್ತದೆ ಎಂಬುದಕ್ಕೆ ಅನೇಕ ಜ್ವಲಂತ ನಿದರ್ಶನಗಳು ನಮ್ಮ ಮುಂದಿವೆ. ಸಮಕಾಲೀನ ಚರಿತ್ರೆಯನ್ನು ವಾಸ್ತವದ ಸಾಮಾಜಿಕ, ಧಾರ್ಮಿಕ ಹಾಗೂ ಸಾಂಸ್ಕೃತಿಕ ಬದುಕನ್ನು ಸರಳವಾಗಿ ಸ್ನೇಹಮನೋಭಾವನೆಯಿಂದ ಬೆಸೆಯುವ ಉಪಕರಣವಾಗಿ ಬಳಸಬೇಕು ಹಾಗೂ ಆ ಚರಿತ್ರೆಯು ವಾಸ್ತವ ಹಾಗೂ ಭವಿಷ್ಯದ ಬದುಕಿಗೆ ಸಂಪರ್ಕ ಕಲ್ಪಿಸುವ ಸೇತುವೆಯಾಗಬೇಕು ಎಂಬುದು ಚರಿತ್ರೆಕಾರರ ಆಶಯವೂ ಆಗಿದೆ. ಕನ್ನಡ ನಾಡಿನಲ್ಲಿ ವಿಜಯನಗರ ಸಾಮ್ರಾಜ್ಯದ ಚರಿತ್ರೆಗೆ ವಿಶೇಷ ಸ್ಥಾನವಿದೆ. ಇದಕ್ಕೆ ಕಾರಣ ಮಧ್ಯಕಾಲೀನ ಚರಿತ್ರೆ ರಚನೆಯಲ್ಲಿ ದೇಶ-ವಿದೇಶಗಳ ಚರಿತ್ರೆಕಾರರು ಅತ್ಯಂತ ಹೆಚ್ಚು ಗಮನ ಹರಿಸಿದ್ದು ಈ ಸಂಧರ್ಭದಲ್ಲಿನ ಸಾಂಸ್ಕೃತಿಕ ಪಲ್ಲಟಗಳ ಕುರಿತೇ ಎಂಬುದು ಕಾರಣವಾಗಿದೆ. ಮೇಲಿನ ಆಶಯದೊಂದಿಗೆ ರಚನೆಗೊಂಡಿರುವ ವಿಜಯನಗರ ಸಾಮ್ರಾಜ್ಯ ಮತ್ತು ಸಂಸ್ಥಾನಗಳ ಸಾಂಸ್ಕೃತಿಕ ಚರಿತ್ರೆ ಎಂಬ ಈ ಕೃತಿ ರಾಜ ಕೀಯೇತರವಾಗಿ ವಿಭಿನ್ನ ನಲೆಯಲ್ಲಿ ಸಾಂಸ್ಕೃತಿಕವಾದ ಚಾರಿತ್ರಿಕ ಅಂಶಗಳನ್ನು ಸಮಗ್ರವಾಗಿ ಚರ್ಚಿಸುತ್ತದೆ. ವಿಜಯನಗರ ಸಾಮ್ರಾಜ್ಯ ಹಾಗು ಇಕ್ಕೇರಿ, ಮೈಸೂರು ಸಂಸ್ಥಾನಗಳ ರಾಜಮಹಾರಾಜರ ಬಿರುದು-ಬಾವಲಿಗಳನ್ನು ಅವರ ದಂಡಯಾತ್ರೆ, ಯುದ್ಧ, ದಾಳಿಗಳನ್ನು ಹೊರತುಪಡಿಸಿ ಜನಕೇಂದ್ರಿತ ಸೂಕ್ಷ್ಮಸಂವೇದನೆಯ ಸಾಂಸ್ಕೃತಿಕ ಅಧ್ಯಯನಕ್ಕೆ ಓದುಗರನ್ನು ಈ ಕೃತಿ ತೊಡಗಿಸುತ್ತದೆ. ಇಂಥ ಬಹುಸೂಕ್ಷ್ಮ ವಸ್ತುವಿಷಯವನ್ನು ಕೇಂದ್ರವನ್ನಾಗಿಸಿಕೊಂಡು ಸಂಶೋಧನಾತ್ಮಕ ಕೃತಿಯನ್ನು ಸಿದ್ಧಪಡಿಸಿರುವ ಚರಿತ್ರೆ ವಿಭಾಗದ ಪ್ರಾಧ್ಯಾಪಕರಾದ ಪ್ರೊ, ಎನ್. ಚಿನ್ನಸ್ವಾಮಿ ಸೋಸಲೆ ಅವರಿಗೆ ಅಭಿನಂದನೆಗಳು, |
| 650 ## - SUBJECT ADDED ENTRY--TOPICAL TERM | |
| Topical term or geographic name entry element | Vijayanagara Saamraajya Samskrutika Charitre ವಿಜಯನಗರ ಸಾಮ್ರಾಜ್ಯಸಾಂಸ್ಕೃತಿಕ ಚರಿತ್ರೆ |
| 9 (RLIN) | 25807 |
| 650 ## - SUBJECT ADDED ENTRY--TOPICAL TERM | |
| Topical term or geographic name entry element | Karnataka Itihasa ಕರ್ನಾಟಕ ಇತಿಹಾಸ |
| 9 (RLIN) | 25808 |
| 942 ## - ADDED ENTRY ELEMENTS (KOHA) | |
| Source of classification or shelving scheme | Dewey Decimal Classification |
| Koha item type | Book |
| Withdrawn status | Lost status | Source of classification or shelving scheme | Damaged status | Not for loan | Collection code | Home library | Current library | Date acquired | Source of acquisition | Cost, normal purchase price | Total Checkouts | Full call number | Barcode | Date last seen | Cost, replacement price | Price effective from | Koha item type |
|---|---|---|---|---|---|---|---|---|---|---|---|---|---|---|---|---|---|
| Dewey Decimal Classification | History | St Aloysius Library | St Aloysius Library | 03/12/2022 | Navakarnataka Publications Pvt.Ltd. | 320.00 | 954.87K SOSV | 075698 | 03/25/2022 | 400.00 | 03/25/2022 | Book |